| 000 | 00974cam a22002897a 4500 | ||
|---|---|---|---|
| 003 | CHAP | ||
| 005 | 20220329134559.0 | ||
| 008 | 971013s1980 r 00010 d | ||
| 010 | _a22490 | ||
| 011 | _a23462 | ||
| 035 | _a27558 | ||
| 040 | _cCHAP | ||
| 090 | _aFolleto 7722 | ||
| 110 |
_aComisión Coordinadora para el Desarrollo Agrícola y Ganadero del Estado de México _925665 |
||
| 245 | 1 | 3 | _aLa regionalización agrícola como instrumento para la distribución de cargas de trabajo |
| 260 |
_a(s.l.) : _b(s.e.), _c1980 |
||
| 300 | _a32 p. | ||
| 590 |
_aBATCH-UPD _b10 _c20130110 _lUCH01 _h2032 |
||
| 590 |
_aBATCH-UPD _b10 _c20130410 _lUCH01 _h1348 |
||
| 590 |
_aBATCH-UPD _b10 _c20130914 _lUCH01 _h1927 |
||
| 590 |
_aCONVERSION _b10 _c20130109 _lUCH01 _h1313 |
||
| 650 | 1 | 4 |
_aAgricultura _zMexico (Edo.). _91934 |
| 650 | 1 | 4 |
_aPolítica agrícola _zMéxico (Edo.). _990387 |
| 901 | _aBK | ||
| 942 | _cFOLL | ||
| 949 |
_aFolleto 7722 _bBC _cFOLL _d-63918 _eTS1 _i27558 _mD _si |
||
| 999 |
_c22490 _d22490 |
||